000 00663nam a2200265Ia 4500
005 20260121165008.0
008 008 260114s9999 xx 000 0 eng d
020 _a9781137484871
037 _aEBOOK
040 _aCRL
040 _beng
040 _cCRL
041 _2eng
041 _aeng
084 _qCRL
100 _aPhilip Lockley
_91046242
245 0 _aProtestant Communalism in the Trans-Atlantic World, 1650–1850
260 _bSpringer
260 _bSpringer
260 _c2016
856 _uhttps://link.springer.com/openurl?genre=book&isbn=978-1-137-48487-1
942 _cEBOOK
999 _c1611966
_d1611966